HIV and social work : a practitioner's guide /

Enregistré dans:
Détails bibliographiques
Auteurs principaux: Aronstein, David M. (Auteur), Thompson, Bruce J. (Auteur)
Format: Livre
Langue:anglais
Publié: New York ; London : Harrington Park Press, c1997
Collection:Haworth psychosocial issues of HIV/AIDS.
Tags: Ajouter un tag
Pas de tags, Soyez le premier à ajouter un tag!

MARC

LEADER 00000nam a22000007i 4500
001 IT\ICCU\UBO\3597543
003 ItRI
005 20260115231834.0
008 090318s1997 xxu|||||| ||||| |||||c
020 |a 1560239069 
040 |b ita  |c importazione bologna sebina 
041 7 |a eng  |2 ISO-639-2 
100 1 |a Aronstein, David M.  |0 IT\ICCU\UBOV\313938  |4 aut 
245 1 0 |a HIV and social work :  |b a practitioner's guide /  |c [edited by] David M. Aronstein, Bruce J. Thompson. 
260 |a New York ;  |a London :  |b Harrington Park Press,  |c c1997 
300 |a xxxii, 586 p. ;  |c 22 cm. 
700 1 |a Thompson, Bruce J.  |0 IT\ICCU\UBOV\313939  |4 aut 
830 0 |a Haworth psychosocial issues of HIV/AIDS.  |0 IT\ICCU\UBO\3597545 
942 |2 ddc  |c BK  |n 0 
952 |0 0  |1 0  |4 0  |6 A_362_196000000000000_ARO  |7 0  |9 13925  |a BO  |b BO  |d 2026-01-15  |i 4472  |l 0  |o A 362.196 ARO  |p BO4472  |r 2026-01-15 23:18:34  |w 2026-01-15  |x [Sebina 5] [1 v.]  |y BK  |z 1 v. 
999 |c 11987  |d 11987